| 000 | 00706cam a2200193 a 4500 | ||
|---|---|---|---|
| 020 | _a9041111778 (hb : alk. paper) | ||
| 040 | _cDLC | ||
| 082 | 0 | 0 | _a341 FAO 1999 A028 Or. |
| 245 | 0 | 0 | _aBasic texts 1998 = textes de base 1998. |
| 246 | 3 | 1 | _aTextes de base 1998 |
| 260 |
_aThe Hague ; _aBoston : _bKluwer Law International, _cc1999. |
||
| 300 |
_axi, xi, 356, 356 p. ; _c25 cm. |
||
| 500 | _aAt head of title: International Tribunal for the Law of the Sea = Tribunal international de droit de la mer. | ||
| 500 | _aOpposite pages bear duplicate numbering. | ||
| 650 | 0 | _aLaw of the sea. | |
| 650 | 0 | _aInternational courts. | |
| 710 | 2 | _aInternational Tribunal for the Law of the Sea. | |
| 942 | _cAEDBB | ||
| 999 |
_c20904 _d20904 |
||